Historie a současnost řízení a managementu jakosti
Historický rámec vývoja riadenia a manažmentu kvality s súvislosti s riadením a manažmentom kvality na základe noriem. Obrazová mapa slúži na lepšiu orientáciu s praktickým uplatňovaním novej rady ISO 9000:2000.
Guardado en:
| Autor principal: | |
|---|---|
| Formato: | Capítulo de libro |
| Lenguaje: | checo |
| Materias: | |
| Etiquetas: |
Sin Etiquetas, Sea el primero en etiquetar este registro!
|
MARC
| LEADER | 00000naa a2200000 4500 | ||
|---|---|---|---|
| 001 | r043890 | ||
| 005 | 20230524134955.6 | ||
| 041 | 0 | |a cze | |
| 044 | |a CZ | ||
| 245 | 1 | 0 | |a Historie a současnost řízení a managementu jakosti |c Jaroslav Bartoň |
| 520 | |a Historický rámec vývoja riadenia a manažmentu kvality s súvislosti s riadením a manažmentom kvality na základe noriem. Obrazová mapa slúži na lepšiu orientáciu s praktickým uplatňovaním novej rady ISO 9000:2000. | ||
| 610 | 2 | 0 | |a riadenie kvality |
| 610 | 2 | 0 | |a systémy kvality |
| 610 | 2 | 0 | |a história |
| 610 | 2 | 0 | |a pojmy |
| 610 | 2 | 0 | |a metódy |
| 610 | 2 | 0 | |a normy ISO |
| 610 | 2 | 0 | |a normy kvality |
| 100 | 1 | |a Bartoň, Jaroslav | |